000
00271nam a2200109Ia 4500
008
200302s9999 xx 000 0 und d
100
_a
Philip Jodidio
245
_a
Calatrava Complete Works 1979-2007
260
_b
Teschen Gmbh Co. Ltd.
260
_c
2007
300
_a
519 P.,
999
_c
2649
_d
2649